| 000 | 00789na a2200253 4500 | ||
|---|---|---|---|
| 001 | 17483 | ||
| 003 | MIRAKIL | ||
| 005 | 20181213155126.0 | ||
| 008 | 161031b tu 000 0 | ||
| 035 | _a17483 | ||
| 040 |
_aMilas _btur _cTR-AnCHP |
||
| 082 |
_a330.9561039 _bT96 1992 |
||
| 090 | _a330.9561039 T96 1992 | ||
| 110 | _aTürkiye Petrol, Kimya, Lastik İşçileri Sendikası | ||
| 245 |
_a'92 Petrol-İş = Yearbook for 1992 _cTürkiye Petrol, Kimya Lastik İşçileri Sendikası |
||
| 260 |
_aİstanbul _bPetrol-İş _c1993 |
||
| 300 |
_a814 s. _bres., tbl. , graf. _c24 sm. |
||
| 490 |
_aPublication _v33 |
||
| 490 |
_aPetrol - İş Yayın _v33 |
||
| 650 |
_aPetrol _zTürkiye |
||
| 650 |
_aSendikalar _zTürkiye |
||
| 650 |
_aEkonomi _xPetrol _zTürkiye |
||
| 942 |
_2dcc _cBKS |
||
| 999 |
_c7025 _d7025 |
||